| 000 | 02073nam a2200409 c 4500 | ||
|---|---|---|---|
| 999 |
_c134292 _d134292 |
||
| 003 | BLK | ||
| 005 | 20210322142432.0 | ||
| 008 | 180409b bul|||||r ||||||| ||bul|| | ||
| 010 | _aKNG00140200000 | ||
| 040 | _aBLK | ||
| 041 |
_aBUL _cBUL |
||
| 072 | 7 |
_2bullib _aЦ _xРедки и ценни |
|
| 080 |
_aПсихология на детската възраст. Интелектуално развитие на децата. Психически особености. Детски представи, описани в разкази _b159.922.7 _z159.922.7 |
||
| 080 |
_aОсновни форми на възпитание и образование _b37.018 _z37.018 |
||
| 100 | 1 |
_aКаптерев, Петър Фьодорович _eпърви автор _9324340 |
|
| 139 |
_aКаптерев, Петър Фьодорович _bК 26 |
||
| 245 | 1 | 0 |
_aДетската природа _cПетър Фьодорович Каптерев; прев. от рус. Досьо Негенцов. |
| 257 | _aRUS | ||
| 260 |
_aГаброво _bкниж. Наука _c1901 _fГаброво : друж. печ. Заря |
||
| 300 |
_a55 с. _c19 см |
||
| 380 | _a1 | ||
| 490 | 1 |
_aБиблиотека на сп. Право дело _v№ 5 |
|
| 490 |
_aКолекция Редки и ценни издания _9435080 |
||
| 501 | _aЕкз. с инв. № 767380 е подв. към Из царството на лъжите / Макс Нордау със сигн. Рб 899 с инв. № 13313-а. | ||
| 650 | 4 |
_aДетска и педагогическа психология _9244538 |
|
| 650 | 4 |
_aВъзпитание - форми и средства _9247410 |
|
| 650 | 4 |
_aДеца - психология и възпитание _9247409 |
|
| 653 | _aдетска психология | ||
| 653 | _aвъзпитание | ||
| 653 | _aпедагогическа психология | ||
| 659 | _aЦ | ||
| 700 | 1 |
_aНегенцов, Досьо _eпрев. от рус. _9324341 |
|
| 852 |
_aРб 899 _bРц |
||
| 852 |
_aЦб 3.195.13015 _bЦб |
||
| 856 | 4 | _qpdf | |
| 856 | 4 | _qpdf | |
| 942 |
_cKNG _n0 _s1 |
||
| 944 |
_aCR _c01.03.2013 _lф / 01.03.2013 _kЛюдмила_Стоянова |
||
| 944 |
_aED _c21.10.2013 _lф / 01.03.2013 |
||
| 999 | _d134292 | ||
| 999 | _d134292 | ||
| 999 | _d134292 | ||